00630nam a22002177a 450000500170000001000130001702000230003003500130005303700160006604000120008208200130009410000210010724500760012826000360020427000480024030000220028865000480031065000210035870000150037970000180039420170124110258.0 aA-523351 c200.00a8171161170 aA-523351 bCen Lib/Ret aDPLbEN a453bBHA aBhai Maya Singh  aThe Punjabi dictionary :cby Bhai Maya Singh bRoman-punjabi-english / aDelhibNational Book Shopc1992 a32 B, Pleasure Garden MarketbDelhie110006 a1220p. c24cm(Hb) aEnglish language -- Dictionaries -- Panjabi aEnglish language aBalwant, S aAtwal, Jasbir